<?xml version="1.0" encoding="UTF-8"?>
<record
    xmlns:xsi="http://www.w3.org/2001/XMLSchema-instance"
    xsi:schemaLocation="http://www.loc.gov/MARC21/slim http://www.loc.gov/standards/marcxml/schema/MARC21slim.xsd"
    xmlns="http://www.loc.gov/MARC21/slim">

  <leader>01130nam a22002777a 4500</leader>
  <controlfield tag="003">DO-SdBNP</controlfield>
  <controlfield tag="005">20250611073818.0</controlfield>
  <controlfield tag="007">ta</controlfield>
  <controlfield tag="008">210423b2020    dr ad||gr|||| 00| 0 spa d</controlfield>
  <datafield tag="020" ind1=" " ind2=" ">
    <subfield code="a">9789945621303</subfield>
  </datafield>
  <datafield tag="040" ind1=" " ind2=" ">
    <subfield code="a">DO-SdBNP</subfield>
    <subfield code="b">spa</subfield>
    <subfield code="c">BNPHU</subfield>
  </datafield>
  <datafield tag="041" ind1=" " ind2=" ">
    <subfield code="h">spa</subfield>
  </datafield>
  <datafield tag="082" ind1=" " ind2="4">
    <subfield code="a">362.1969792</subfield>
    <subfield code="b">R426g</subfield>
    <subfield code="2">22</subfield>
  </datafield>
  <datafield tag="110" ind1="1" ind2=" ">
    <subfield code="a">Rep&#xFA;blica Dominicana.</subfield>
    <subfield code="b">Ministerio de Salud P&#xFA;blica</subfield>
    <subfield code="9">80830</subfield>
  </datafield>
  <datafield tag="245" ind1="1" ind2="0">
    <subfield code="a">Gu&#xED;a de la profilaxis pre-exposici&#xF3;n al VIH (PrEP) en la Rep&#xFA;blica Dominicana / </subfield>
    <subfield code="c">elaboraci&#xF3;n Carlos Julio Rodriguez Tavarez ; coordinaci&#xF3;n t&#xE9;cnica, Jos&#xE9; A. Ledesma, Luis G. Caminero Rodr&#xED;guez.</subfield>
  </datafield>
  <datafield tag="260" ind1=" " ind2=" ">
    <subfield code="a">Santo Domingo :</subfield>
    <subfield code="b">Ministerio de Salud, </subfield>
    <subfield code="c">2020</subfield>
  </datafield>
  <datafield tag="300" ind1=" " ind2=" ">
    <subfield code="a">22 p. :</subfield>
    <subfield code="b">il. ; </subfield>
    <subfield code="c">25 cm.</subfield>
  </datafield>
  <datafield tag="500" ind1=" " ind2=" ">
    <subfield code="a">Incluye referencias bibliogr&#xE1;ficas y notas al pie de las p&#xE1;ginas</subfield>
  </datafield>
  <datafield tag="504" ind1=" " ind2=" ">
    <subfield code="a">Bibliograf&#xED;a: p. 21-22</subfield>
  </datafield>
  <datafield tag="590" ind1=" " ind2=" ">
    <subfield code="a">Inventariado, 2022/MFF</subfield>
  </datafield>
  <datafield tag="650" ind1=" " ind2="0">
    <subfield code="a">SIDA (Enfermedad)</subfield>
    <subfield code="x">Prevenci&#xF3;n y control</subfield>
    <subfield code="9">52709</subfield>
  </datafield>
  <datafield tag="650" ind1=" " ind2="4">
    <subfield code="a">Planificaci&#xF3;n en salud</subfield>
    <subfield code="z">Rep&#xFA;blica Dominicana</subfield>
    <subfield code="9">82504</subfield>
  </datafield>
  <datafield tag="650" ind1=" " ind2="0">
    <subfield code="a">Pol&#xED;tica sanitaria</subfield>
    <subfield code="z">Rep&#xFA;blica Dominicana</subfield>
    <subfield code="9">1344</subfield>
  </datafield>
  <datafield tag="910" ind1=" " ind2=" ">
    <subfield code="a">Validado. Control de calidad MFF</subfield>
  </datafield>
  <datafield tag="942" ind1=" " ind2=" ">
    <subfield code="2">ddc</subfield>
    <subfield code="c">LBS1</subfield>
  </datafield>
  <datafield tag="952" ind1=" " ind2=" ">
    <subfield code="0">0</subfield>
    <subfield code="1">0</subfield>
    <subfield code="2">ddc</subfield>
    <subfield code="5">1</subfield>
    <subfield code="7">0</subfield>
    <subfield code="8">PD</subfield>
    <subfield code="a">BNPHU</subfield>
    <subfield code="b">BNPHU</subfield>
    <subfield code="c">HD</subfield>
    <subfield code="d">2021-03-11</subfield>
    <subfield code="e">Dep&#xF3;sito Legal </subfield>
    <subfield code="o">BNPHU F-PD 362.1969792 R426g</subfield>
    <subfield code="p">2021-1578</subfield>
    <subfield code="r">2021-04-23</subfield>
    <subfield code="w">2021-04-23</subfield>
    <subfield code="y">LFPD</subfield>
  </datafield>
  <datafield tag="952" ind1=" " ind2=" ">
    <subfield code="0">0</subfield>
    <subfield code="1">0</subfield>
    <subfield code="2">ddc</subfield>
    <subfield code="5">1</subfield>
    <subfield code="7">0</subfield>
    <subfield code="8">PD</subfield>
    <subfield code="a">BNPHU</subfield>
    <subfield code="b">BNPHU</subfield>
    <subfield code="c">HD</subfield>
    <subfield code="d">2021-03-11</subfield>
    <subfield code="e">Dep&#xF3;sito Legal </subfield>
    <subfield code="o">BNPHU F-PD 362.1969792 R426g</subfield>
    <subfield code="p">2021-1579</subfield>
    <subfield code="r">2021-04-26</subfield>
    <subfield code="t">e.2</subfield>
    <subfield code="w">2021-04-26</subfield>
    <subfield code="y">LFPD</subfield>
  </datafield>
  <datafield tag="952" ind1=" " ind2=" ">
    <subfield code="0">0</subfield>
    <subfield code="1">0</subfield>
    <subfield code="2">ddc</subfield>
    <subfield code="5">6</subfield>
    <subfield code="7">0</subfield>
    <subfield code="8">DS</subfield>
    <subfield code="a">BNPHU</subfield>
    <subfield code="b">BNPHU</subfield>
    <subfield code="c">HD</subfield>
    <subfield code="d">2021-03-11</subfield>
    <subfield code="e">Dep&#xF3;sito Legal </subfield>
    <subfield code="o">BNPHU F-DS 362.1969792 R426g</subfield>
    <subfield code="p">2021-1580</subfield>
    <subfield code="r">2021-04-26</subfield>
    <subfield code="t">e.3</subfield>
    <subfield code="w">2021-04-26</subfield>
    <subfield code="y">LFDS</subfield>
  </datafield>
  <datafield tag="999" ind1=" " ind2=" ">
    <subfield code="c">49780</subfield>
    <subfield code="d">49780</subfield>
  </datafield>
</record>
